[Event "CYCC U14 w"]
[Site "Victoria CAN"]
[Date "2009.07.21"]
[Round "1"]
[White "Yu, Kexin"]
[Black "Powell, Ashley"]
[Result "1-0"]
[WhiteElo "1384"]
[BlackElo "1300"]
[PlyCount "129"]
[GameId "2160767910093846"]
[EventDate "2009.07.21"]
[EventType "swiss"]
[EventRounds "7"]
[EventCountry "CAN"]
[SourceTitle "EXT 2011"]
[Source "ChessBase"]
[SourceDate "2011.11.26"]
[SourceVersion "1"]
[SourceVersionDate "2011.11.26"]
[SourceQuality "1"]

1. e4 Nf6 2. Nf3 Nc6 3. Bc4 e5 4. d3 d5 5. exd5 Nxd5 6. Bb5 Bd6 7. O-O O-O 8. Bxc6 bxc6 9. Re1 Bg4 10. h3 Bxf3 11. Qxf3 Re8 12. c4 Nf6 13. Bg5 Re6 14. Nc3 h6 15. Bh4 Bb4 16. Qf5 Qe7 17. Re2 Bxc3 18. bxc3 Re8 19. Rae1 Qd6 20. Bg3 Nd7 21. d4 Rf6 22. Qh5 Qe7 23. Bxe5 Nxe5 24. Rxe5 Re6 25. Rxe6 fxe6 26. Qa5 Ra8 27. Qb4 Qf7 28. Qb7 Rf8 29. Re2 e5 30. Qxc6 Qh5 31. Qe6+ Qf7 32. Qxf7+ Kxf7 33. Rxe5 Rb8 34. Ra5 Rb7 35. Kf1 Ke6 36. Ke2 Kd6 37. Kd3 Rb2 38. Rxa7 Rxf2 39. Ra6+ Kd7 40. Rg6 Rxa2 41. Rxg7+ Kd6 42. Rg6+ Kd7 43. Rxh6 Rxg2 44. h4 Rg3+ 45. Kc2 Rg2+ 46. Kb3 Rg1 47. Kb4 Rb1+ 48. Kc5 Rc1 49. Rh7+ Kc8 50. Kc6 Kd8 51. Rxc7 Rxc3 52. c5 Rc4 53. Rd7+ Ke8 54. h5 Ra4 55. Rb7 Rxd4 56. h6 Rf4 57. h7 Rf6+ 58. Kb5 Rf8 59. Rb8+ Kf7 60. Rxf8+ Kxf8 61. h8=Q+ Ke7 62. c6 Ke6 63. c7 Ke7 64. c8=Q Kf7 65. Qce8# 1-0

[Event "CYCC U14 w"]
[Site "Victoria CAN"]
[Date "2009.07.21"]
[Round "1"]
[White "Zhang, Wenyue"]
[Black "Yun, Chang"]
[Result "1-0"]
[WhiteElo "1351"]
[BlackElo "1174"]
[PlyCount "102"]
[GameId "2160767910093847"]
[EventDate "2009.07.21"]
[EventType "swiss"]
[EventRounds "7"]
[EventCountry "CAN"]
[SourceTitle "hb 2009.10"]

1. e4 c5 2. Nc3 Nc6 3. g3 g6 4. Bg2 Bg7 5. d3 d6 6. Nge2 e6 7. O-O Nge7 8. Be3 Nd4 9. Qd2 O-O 10. Nd1 Nxe2+ 11. Qxe2 Bd7 12. c3 Rb8 13. Rc1 Bc6 14. d4 cxd4 15. Bxd4 d5 16. exd5 Bxd5 17. Bxd5 Nxd5 18. Bxa7 Ra8 19. Bc5 Re8 20. a3 Qg5 21. Ne3 Nf4 22. Qc4 Ne2+ 23. Qxe2 Qxc5 24. Qc4 Qb6 25. Rb1 Rac8 26. Qe2 Red8 27. Rfd1 f5 28. Rxd8+ Rxd8 29. Rd1 Rxd1+ 30. Nxd1 Qb3 31. Qd2 e5 32. Qd8+ Kf7 33. Qd7+ Kf6 34. Qd6+ Kf7 35. h4 Bf8 36. Qd2 Be7 37. Ne3 Qa2 38. Qd5+ Qxd5 39. Nxd5 Bd6 40. c4 e4 41. b4 Ke6 42. Kf1 Ke5 43. Nb6 Kd4 44. c5 Bxc5 45. bxc5 Kxc5 46. Nd7+ Kb5 47. Nf8 Ka4 48. Nxh7 Kxa3 49. Nf8 b5 50. Nxg6 b4 51. Ne5 b3 1-0

[Event "CYCC U14 w"]
[Site "Victoria CAN"]
[Date "2009.07.21"]
[Round "2"]
[White "Botez, Alexandra"]
[Black "Zhang, Wenyue"]
[Result "1-0"]
[WhiteElo "1883"]
[BlackElo "1351"]
[PlyCount "45"]
[GameId "2160767910093848"]
[EventDate "2009.07.21"]
[EventType "swiss"]
[EventRounds "7"]
[EventCountry "CAN"]
[SourceTitle "EXT 2011"]
[Source "ChessBase"]
[SourceDate "2011.11.26"]
[SourceVersion "1"]
[SourceVersionDate "2011.11.26"]
[SourceQuality "1"]

1. d4 Nf6 2. c4 g6 3. Nc3 Bg7 4. e4 d6 5. f3 O-O 6. Bd3 Nh5 7. Nge2 f5 8. exf5 Bxf5 9. Bxf5 Rxf5 10. g4 Rxf3 11. gxh5 gxh5 12. Nf4 Rxf4 13. Bxf4 e6 14. Qd2 Qh4+ 15. Bg3 Qf6 16. O-O-O Bh6 17. Rhg1 Bxd2+ 18. Rxd2 Kh8 19. Ne4 Qe7 20. c5 e5 21. dxe5 dxe5 22. Bxe5+ Qg7 23. Rd8# 1-0

[Event "CYCC U14 w"]
[Site "Victoria CAN"]
[Date "2009.07.21"]
[Round "2"]
[White "Fang, Tina"]
[Black "Yu, Kexin"]
[Result "1-0"]
[WhiteElo "1431"]
[BlackElo "1384"]
[PlyCount "89"]
[GameId "2160767910093849"]
[EventDate "2009.07.21"]
[EventType "swiss"]
[EventRounds "7"]
[EventCountry "CAN"]
[SourceTitle "EXT 2011"]
[Source "ChessBase"]
[SourceDate "2011.11.26"]
[SourceVersion "1"]
[SourceVersionDate "2011.11.26"]
[SourceQuality "1"]

1. d4 Nf6 2. c4 g6 3. Nc3 Bg7 4. e3 O-O 5. Nf3 d6 6. Be2 c5 7. O-O cxd4 8. exd4 Nc6 9. d5 Nb4 10. a3 Na6 11. b4 Ne4 12. Nxe4 Bxa1 13. Bh6 Bg7 14. Qd2 e6 15. dxe6 Bxe6 16. Bg5 f6 17. Bf4 d5 18. Nd6 dxc4 19. Nd4 Bf7 20. Bf3 Qb6 21. Nxf7 Rxf7 22. Bd5 Rd8 23. Bxf7+ Kxf7 24. Be3 f5 25. Rd1 Nc7 26. Qc3 Nb5 27. Qxc4+ Kf6 28. Rd3 f4 29. Nxb5 fxe3 30. Rxd8 exf2+ 31. Kf1 Qxd8 32. Kxf2 Qd2+ 33. Kf3 Qd1+ 34. Qe2 Qd5+ 35. Kf2 Qf5+ 36. Qf3 Qxf3+ 37. Kxf3 a6 38. Nd6 b6 39. Ne8+ Kf7 40. Nxg7 Kxg7 41. Ke4 a5 42. b5 Kf6 43. Kd5 Ke7 44. Kc6 Kd8 45. Kxb6 1-0

[Event "CYCC U14 w"]
[Site "Victoria CAN"]
[Date "2009.07.21"]
[Round "2"]
[White "Kudlak, Kathryn"]
[Black "Kalaydina, Regina Veronicka"]
[Result "0-1"]
[WhiteElo "709"]
[BlackElo "1824"]
[PlyCount "44"]
[GameId "2160767910093850"]
[EventDate "2009.07.21"]
[EventType "swiss"]
[EventRounds "7"]
[EventCountry "CAN"]
[SourceTitle "hb 2009.10"]

1. e4 c5 2. Bc4 e6 3. Qf3 d6 4. Bb5+ Bd7 5. Bxd7+ Nxd7 6. Nc3 Ne5 7. Qd1 Nf6 8. Nce2 Nxe4 9. f3 Nf6 10. f4 Nc6 11. d3 Be7 12. f5 exf5 13. Nf4 d5 14. Nxd5 Nxd5 15. Nh3 O-O 16. O-O Qd7 17. Re1 Bf6 18. Nf2 Rfe8 19. Rxe8+ Rxe8 20. c3 Qe6 21. c4 Qe1+ 22. Qxe1 Rxe1# 0-1

[Event "CYCC U14 w"]
[Site "Victoria CAN"]
[Date "2009.07.21"]
[Round "2"]
[White "Powell, Ashley"]
[Black "Schwab, Katerina"]
[Result "0-1"]
[WhiteElo "1300"]
[BlackElo "1128"]
[PlyCount "170"]
[GameId "2160767910093851"]
[EventDate "2009.07.21"]
[EventType "swiss"]
[EventRounds "7"]
[EventCountry "CAN"]
[SourceTitle "EXT 2011"]
[Source "ChessBase"]
[SourceDate "2011.11.26"]
[SourceVersion "1"]
[SourceVersionDate "2011.11.26"]
[SourceQuality "1"]

1. e4 e5 2. Nf3 Nc6 3. Bc4 Nd4 4. Nxd4 exd4 5. Qf3 Qf6 6. Qxf6 Nxf6 7. d3 Bd6 8. O-O O-O 9. Bg5 Ng4 10. h3 Ne5 11. Nd2 Bb4 12. Nb3 Nxc4 13. dxc4 Re8 14. a3 f6 15. axb4 fxg5 16. Rfe1 d6 17. Nxd4 Bd7 18. Nf3 h6 19. e5 g4 20. hxg4 Bxg4 21. exd6 Rxe1+ 22. Rxe1 cxd6 23. Nd4 Rd8 24. f3 Bc8 25. Nb5 a6 26. Nc3 Bf5 27. Ne4 Re8 28. g4 Bg6 29. Kf2 Re6 30. c5 d5 31. Nc3 Rxe1 32. Kxe1 d4 33. Ne2 Bxc2 34. Nxd4 Ba4 35. b3 Be8 36. Ke2 Kf7 37. Kd3 Ke7 38. Kc4 Bf7+ 39. Kd3 Bd5 40. b5 axb5 41. Nf5+ Kf6 42. Nd6 Bxf3 43. Nxb5 Kg5 44. Nd6 Kxg4 45. b4 h5 46. b5 h4 47. Ne4 Kf4 48. Nf2 g5 49. Nh3+ Kf5 50. Ke3 g4 51. Ng1 Bd5 52. Kf2 h3 53. Kg3 Kg5 54. Nxh3+ gxh3 55. Kxh3 Kf4 56. Kh4 Ke4 57. Kg3 Kd4 58. c6 b6 59. c7 Bb7 60. Kf4 Kd5 61. Ke3 Kc5 62. Kd3 Kxb5 63. Kc3 Kc6 64. Kb4 Kxc7 65. Kb5 Bc8 66. Kc4 Kc6 67. Kb4 Ba6 68. Ka4 Kc5 69. Kb3 b5 70. Kc3 Bc8 71. Kb3 Be6+ 72. Kc3 b4+ 73. Kb2 Kc4 74. Kc2 b3+ 75. Kb2 Kb4 76. Ka1 Kc3 77. Kb1 Bf5+ 78. Kc1 b2+ 79. Kd1 b1=Q+ 80. Ke2 Qd3+ 81. Kf2 Kd2 82. Kg1 Qe2 83. Kh1 Ke3 84. Kg1 Kf3 85. Kh1 Qg2# 0-1

[Event "CYCC U14 w"]
[Site "Victoria CAN"]
[Date "2009.07.21"]
[Round "2"]
[White "Yun, Chang"]
[Black "Ding, Jill"]
[Result "0-1"]
[WhiteElo "1174"]
[BlackElo "1173"]
[PlyCount "111"]
[GameId "2160767910093852"]
[EventDate "2009.07.21"]
[EventType "swiss"]
[EventRounds "7"]
[EventCountry "CAN"]
[SourceTitle "EXT 2011"]
[Source "ChessBase"]
[SourceDate "2011.11.26"]
[SourceVersion "1"]
[SourceVersionDate "2011.11.26"]
[SourceQuality "1"]

1. e4 e6 2. d4 d5 3. Nd2 Nc6 4. c3 Nf6 5. e5 Nd7 6. Bd3 a6 7. Ne2 Na7 8. O-O c5 9. Nf3 b5 10. Qc2 cxd4 11. cxd4 g6 12. Bg5 Qb6 13. Rac1 Bg7 14. Qc7 O-O 15. Bf6 Qxc7 16. Rxc7 Nxf6 17. exf6 Bxf6 18. Rfc1 b4 19. Ne5 Bd8 20. R7c2 f6 21. Nf3 Bb6 22. a3 a5 23. axb4 axb4 24. b3 Re8 25. Nf4 Bd8 26. Re2 Bd7 27. Rce1 Kf7 28. Nh4 g5 29. Bxh7 Kg7 30. Bg6 Re7 31. Nf5+ Kf8 32. Nxe7 gxf4 33. Nxd5 exd5 34. h4 Kg7 35. h5 Nc6 36. Rd1 Kh6 37. f3 Ra3 38. Rb2 Bb6 39. Kh1 Nxd4 40. Bf7 Rxb3 41. Rxb3 Nxb3 42. Rxd5 Nc5 43. Rd6 Bd8 44. Rd1 Be7 45. Rd4 b3 46. Bxb3 Nxb3 47. Rxd7 Bc5 48. Rd5 Bd4 49. Rf5 Be5 50. Kh2 Nd4 51. Rxe5 fxe5 52. g4 fxg3+ 53. Kxg3 Kxh5 54. f4 e4 55. Kf2 Kg4 56. f5 0-1

[Event "CYCC U14 w"]
[Site "Victoria CAN"]
[Date "2009.07.22"]
[Round "3"]
[White "Ding, Jill"]
[Black "Hemmings, Sydney"]
[Result "1-0"]
[WhiteElo "1173"]
[BlackElo "981"]
[PlyCount "95"]
[GameId "2160767910093853"]
[EventDate "2009.07.21"]
[EventType "swiss"]
[EventRounds "7"]
[EventCountry "CAN"]
[SourceTitle "EXT 2011"]
[Source "ChessBase"]
[SourceDate "2011.11.26"]
[SourceVersion "1"]
[SourceVersionDate "2011.11.26"]
[SourceQuality "1"]

1. e4 d6 2. d4 Nd7 3. Nc3 g6 4. Nf3 Bg7 5. g3 e5 6. d5 Ngf6 7. Bg2 O-O 8. Be3 Nc5 9. Bg5 Qe8 10. Qe2 Bd7 11. h4 a6 12. Bxf6 Bxf6 13. h5 gxh5 14. Rxh5 Bg7 15. O-O-O Bb5 16. Qe3 a5 17. Qg5 f6 18. Qh4 Kf7 19. Rxh7 Rh8 20. Qh5+ Ke7 21. Rxg7+ Kd8 22. Qxe8+ Bxe8 23. Nh4 a4 24. Bh3 a3 25. b4 Na4 26. Nxa4 Rxa4 27. c3 Ra6 28. Bf5 Ba4 29. Rh1 Ra8 30. Rh7 Rxh7 31. Bxh7 Ke7 32. Bf5 Rg8 33. c4 b5 34. c5 dxc5 35. bxc5 b4 36. Ng6+ Kf7 37. Be6+ Kg7 38. Bxg8 Kxg8 39. f4 b3 40. axb3 a2 41. Kb2 Bb5 42. fxe5 fxe5 43. Nxe5 c6 44. d6 Kf8 45. d7 Ke7 46. Rd1 Ke6 47. d8=Q Be2 48. Qe8+ 1-0

[Event "CYCC U14 w"]
[Site "Victoria CAN"]
[Date "2009.07.22"]
[Round "3"]
[White "Kalaydina, Regina Veronicka"]
[Black "Botez, Alexandra"]
[Result "0-1"]
[WhiteElo "1824"]
[BlackElo "1883"]
[PlyCount "74"]
[GameId "2160767910093854"]
[EventDate "2009.07.21"]
[EventType "swiss"]
[EventRounds "7"]
[EventCountry "CAN"]
[SourceTitle "hb 2009.10"]

1. d4 Nf6 2. c4 g6 3. Nc3 Bg7 4. e4 d6 5. Nf3 O-O 6. Be2 e5 7. d5 Nbd7 8. O-O Nc5 9. Qc2 a5 10. Be3 Ne8 11. a3 f5 12. b4 Nxe4 13. Nxe4 fxe4 14. Nd2 Nf6 15. Bg5 Qe8 16. Bxf6 Rxf6 17. Nxe4 Rf8 18. c5 Bf5 19. Bf3 Qe7 20. Qc4 Bxe4 21. Bxe4 axb4 22. axb4 Qf7 23. f3 Bh6 24. Qb5 Be3+ 25. Kh1 b6 26. cxd6 cxd6 27. Qc6 Rxa1 28. Rxa1 Bd4 29. Rc1 Qf4 30. Rd1 Qf6 31. Bd3 Kg7 32. Ba6 e4 33. fxe4 Rf7 34. Qc4 Be5 35. Qe2 Qh4 36. g4 Rf2 37. Qxf2 Qxf2 0-1

[Event "CYCC U14 w"]
[Site "Victoria CAN"]
[Date "2009.07.22"]
[Round "3"]
[White "Schwab, Katerina"]
[Black "Yu, Kexin"]
[Result "0-1"]
[WhiteElo "1128"]
[BlackElo "1384"]
[PlyCount "50"]
[GameId "2160767910093855"]
[EventDate "2009.07.21"]
[EventType "swiss"]
[EventRounds "7"]
[EventCountry "CAN"]
[SourceTitle "hb 2009.10"]

1. d4 Nf6 2. Nc3 g6 3. e4 d6 4. Bd3 Bg7 5. Bf4 c5 6. dxc5 dxc5 7. Bb5+ Bd7 8. Bxd7+ Nbxd7 9. Nb5 Qa5+ 10. Nc3 Nxe4 11. Nge2 Nxc3 12. Qd2 Rd8 13. bxc3 Nb6 14. Qe3 Nd5 15. Qc1 Nxc3 16. Nxc3 Qxc3+ 17. Ke2 Qc4+ 18. Ke1 Bxa1 19. Qxa1 Qd4 20. Qxd4 Rxd4 21. Be5 Re4+ 22. Kd2 Rxe5 23. Rb1 b6 24. Rb3 O-O 25. Ra3 Rd8+ 0-1

[Event "CYCC U14 w"]
[Site "Victoria CAN"]
[Date "2009.07.22"]
[Round "3"]
[White "Yun, Chang"]
[Black "Kudlak, Kathryn"]
[Result "1-0"]
[WhiteElo "1174"]
[BlackElo "709"]
[PlyCount "49"]
[GameId "2160767910093856"]
[EventDate "2009.07.21"]
[EventType "swiss"]
[EventRounds "7"]
[EventCountry "CAN"]
[SourceTitle "hb 2009.10"]

1. e4 e5 2. Nf3 d6 3. d4 exd4 4. Nxd4 d5 5. exd5 Qe7+ 6. Be2 c6 7. dxc6 bxc6 8. O-O Ba6 9. Bxa6 Nxa6 10. Re1 O-O-O 11. Rxe7 Nxe7 12. Qg4+ Kb8 13. Bf4+ Kb7 14. Be3 c5 15. Nb3 c4 16. Na5+ Kc7 17. Bf4+ Kb6 18. Nxc4+ Kb5 19. Nd6+ Kc6 20. Nxf7 Rg8 21. Nxd8+ Kb6 22. Qe6+ Ka5 23. Nb7+ Kb4 24. a3+ Ka4 25. Qb3# 1-0

[Event "CYCC U14 w"]
[Site "Victoria CAN"]
[Date "2009.07.22"]
[Round "3"]
[White "Zhang, Wenyue"]
[Black "Fang, Tina"]
[Result "0-1"]
[WhiteElo "1351"]
[BlackElo "1431"]
[PlyCount "92"]
[GameId "2160767910093857"]
[EventDate "2009.07.21"]
[EventType "swiss"]
[EventRounds "7"]
[EventCountry "CAN"]
[SourceTitle "EXT 2011"]
[Source "ChessBase"]
[SourceDate "2011.11.26"]
[SourceVersion "1"]
[SourceVersionDate "2011.11.26"]
[SourceQuality "1"]

1. e4 c5 2. Nc3 d6 3. g3 Nf6 4. Bg2 a6 5. d3 g6 6. Nge2 Bg7 7. O-O O-O 8. Be3 Nc6 9. Rb1 Rb8 10. Nf4 Ng4 11. Bd2 Nge5 12. Be3 Bd7 13. Nfd5 Ng4 14. Bg5 h6 15. Bf4 Nge5 16. Qd2 g5 17. Bxe5 Nxe5 18. f4 gxf4 19. Nxf4 e6 20. Qe2 Ng6 21. Nh5 b5 22. Nxg7 Kxg7 23. Qf3 Qg5 24. h4 Qe7 25. Ne2 f5 26. exf5 Rxf5 27. Qg4 h5 28. Qe4 d5 29. Qe3 Rbf8 30. d4 Kh7 31. dxc5 Re5 32. Qd2 Qxc5+ 33. Kh2 Ref5 34. Qd3 Ne5 35. Qd2 Rxf1 36. Rxf1 Rxf1 37. Qg5 Rf5 38. Qc1 Ng4+ 39. Kh3 Qe3 40. Qxe3 Nxe3 41. c3 Rf2 42. Nf4 e5+ 43. g4 exf4 44. Kh2 Rxg2+ 45. Kh1 f3 46. gxh5 f2 0-1

[Event "CYCC U14 w"]
[Site "Victoria CAN"]
[Date "2009.07.22"]
[Round "4"]
[White "Botez, Alexandra"]
[Black "Fang, Tina"]
[Result "1/2-1/2"]
[WhiteElo "1883"]
[BlackElo "1431"]
[PlyCount "41"]
[GameId "2160767910093858"]
[EventDate "2009.07.21"]
[EventType "swiss"]
[EventRounds "7"]
[EventCountry "CAN"]
[SourceTitle "EXT 2011"]
[Source "ChessBase"]
[SourceDate "2011.11.26"]
[SourceVersion "1"]
[SourceVersionDate "2011.11.26"]
[SourceQuality "1"]

1. d4 Nf6 2. c4 g6 3. Nc3 d5 4. cxd5 Nxd5 5. e4 Nxc3 6. bxc3 Bg7 7. Bd3 c5 8. Ne2 O-O 9. Be3 cxd4 10. cxd4 Nc6 11. Bc2 Bd7 12. O-O a6 13. Rb1 b5 14. f4 e6 15. e5 Ne7 16. Be4 Bc6 17. Bxc6 Nxc6 18. Qd2 Qa5 19. Qb2 Qa4 20. Nc3 Qc4 21. Ne4 1/2-1/2

[Event "CYCC U14 w"]
[Site "Victoria CAN"]
[Date "2009.07.22"]
[Round "4"]
[White "Hemmings, Sydney"]
[Black "Yun, Chang"]
[Result "0-1"]
[WhiteElo "961"]
[BlackElo "1174"]
[PlyCount "118"]
[GameId "2160767910093859"]
[EventDate "2009.07.21"]
[EventType "swiss"]
[EventRounds "7"]
[EventCountry "CAN"]
[SourceTitle "hb 2009.10"]

1. Nf3 Nf6 2. g3 g6 3. Bg2 Bg7 4. O-O O-O 5. d3 d5 6. Nbd2 c5 7. e4 e6 8. e5 Nfd7 9. Re1 Nc6 10. b3 Ndxe5 11. Nxe5 Nxe5 12. Bb2 Nf3+ 13. Nxf3 Bxb2 14. Rb1 Bg7 15. Qc1 Bd7 16. Ne5 Be8 17. Ng4 Kh8 18. Rd1 Bc6 19. Ra1 Bxa1 20. Qxa1+ d4 21. Bxc6 bxc6 22. Ne5 Qd6 23. Re1 a5 24. Nf3 Kg8 25. Ng5 a4 26. Ne4 Qe7 27. Nd2 axb3 28. cxb3 Qa7 29. a4 Rfd8 30. Nf3 Rab8 31. Qb2 Qxa4 32. bxa4 Rxb2 33. Ra1 Rdb8 34. Kg2 f6 35. a5 Ra8 36. a6 Ra7 37. Kf1 Rb6 38. Nd2 Rbxa6 39. Rxa6 Rxa6 40. Kg2 f5 41. Nf3 Kg7 42. Ng5 e5 43. Ne6+ Kf7 44. Nxc5 Ra3 45. Kh3 Rc3 46. Nd7 e4 47. dxe4 fxe4 48. Ne5+ Kg7 49. Kg2 d3 50. Kf1 Rc1+ 51. Kg2 d2 52. Kh3 d1=Q 53. Ng4 h5 54. Ne3 Qd7+ 55. Kg2 Qf7 56. Nf1 Qf3+ 57. Kh3 g5 58. Nd2 Qxf2 59. Nxe4 Qf1# 0-1

[Event "CYCC U14 w"]
[Site "Victoria CAN"]
[Date "2009.07.22"]
[Round "4"]
[White "Kudlak, Kathryn"]
[Black "Powell, Ashley"]
[Result "0-1"]
[WhiteElo "709"]
[BlackElo "1300"]
[PlyCount "50"]
[GameId "2160767910093860"]
[EventDate "2009.07.21"]
[EventType "swiss"]
[EventRounds "7"]
[EventCountry "CAN"]
[SourceTitle "EXT 2011"]
[Source "ChessBase"]
[SourceDate "2011.11.26"]
[SourceVersion "1"]
[SourceVersionDate "2011.11.26"]
[SourceQuality "1"]

1. e4 e5 2. Nf3 Nc6 3. d3 Nf6 4. Nc3 Bb4 5. a3 Bxc3+ 6. bxc3 d5 7. exd5 Nxd5 8. c4 Nf6 9. Ng5 O-O 10. Bb2 h6 11. Nf3 Bg4 12. Bc3 Re8 13. h3 Bh5 14. g4 Bg6 15. Qe2 e4 16. Ng1 exd3 17. cxd3 Rxe2+ 18. Kxe2 Qe7+ 19. Be5 Qxe5+ 20. Kd2 Qxa1 21. Ke2 Re8+ 22. Kd2 Qxf1 23. c5 Qxd3+ 24. Kc1 Re1+ 25. Kb2 Qc2# 0-1

[Event "CYCC U14 w"]
[Site "Victoria CAN"]
[Date "2009.07.22"]
[Round "4"]
[White "Yu, Kexin"]
[Black "Kalaydina, Regina Veronicka"]
[Result "0-1"]
[WhiteElo "1384"]
[BlackElo "1824"]
[PlyCount "104"]
[GameId "2160767910093861"]
[EventDate "2009.07.21"]
[EventType "swiss"]
[EventRounds "7"]
[EventCountry "CAN"]
[SourceTitle "hb 2009.10"]

1. e4 c5 2. Nf3 e6 3. d4 cxd4 4. Nxd4 Nf6 5. Nc3 d6 6. Be3 Nc6 7. Bb5 Bd7 8. Nxc6 Bxc6 9. Qd3 a6 10. Bxc6+ bxc6 11. Rd1 Be7 12. O-O O-O 13. f4 d5 14. exd5 cxd5 15. Ne2 Qc7 16. Nd4 Rfd8 17. Nf3 Ne4 18. Rc1 Qb7 19. Bd4 Rac8 20. Nd2 Nxd2 21. Qxd2 Bc5 22. Kh1 Bxd4 23. Qxd4 Rc4 24. Qe5 Rdc8 25. Qg5 h6 26. Qh5 Rxc2 27. Rxc2 Rxc2 28. f5 d4 29. Rg1 exf5 30. Qxf5 Qxb2 31. Qa5 Qxa2 32. Qd8+ Kh7 33. Qxd4 Qc4 34. Qe5 Re2 35. Qf5+ Kg8 36. Rb1 Re8 37. h3 Qe4 38. Qf1 a5 39. Ra1 Ra8 40. Qb5 a4 41. Qd7 a3 42. Qd2 Qe6 43. Ra2 Qb3 44. Qe2 Rb8 45. Qe5 Qb1+ 46. Kh2 Qxa2 47. Qxb8+ Kh7 48. Qf4 Qb3 49. Qe4+ g6 50. Qa8 a2 51. Qa7 Qe6 52. g3 Qe2+ 0-1

[Event "CYCC U14 w"]
[Site "Victoria CAN"]
[Date "2009.07.22"]
[Round "4"]
[White "Zhang, Wenyue"]
[Black "Ding, Jill"]
[Result "1/2-1/2"]
[WhiteElo "1351"]
[BlackElo "1173"]
[PlyCount "108"]
[GameId "2160767910093862"]
[EventDate "2009.07.21"]
[EventType "swiss"]
[EventRounds "7"]
[EventCountry "CAN"]
[SourceTitle "EXT 2011"]
[Source "ChessBase"]
[SourceDate "2011.11.26"]
[SourceVersion "1"]
[SourceVersionDate "2011.11.26"]
[SourceQuality "1"]

1. e4 e6 2. d4 d5 3. Nc3 Nf6 4. Bg5 Be7 5. e5 Nfd7 6. Bxe7 Qxe7 7. Qd2 c5 8. Bb5 Nc6 9. Nge2 a6 10. Bxc6 bxc6 11. O-O Qd8 12. f4 a5 13. Na4 c4 14. b3 Ba6 15. Nb2 Qb6 16. Rab1 cxb3 17. cxb3 Bxe2 18. Na4 Qa7 19. Qxe2 Qxd4+ 20. Kh1 h5 21. Rbc1 c5 22. Qb5 h4 23. h3 Qb4 24. Rxc5 Qxb5 25. Rxb5 O-O 26. Rc1 Rfd8 27. Nc5 d4 28. Nd3 a4 29. bxa4 Rxa4 30. Rb4 Rxb4 31. Nxb4 Nf8 32. Nd3 Ng6 33. a4 Ne7 34. a5 Ra8 35. Ra1 Nc6 36. a6 Kf8 37. Ra4 Ke7 38. Nc5 Kd8 39. Ra3 Kc7 40. Rb3 Ra7 41. Kg1 Nb8 42. Rd3 Nxa6 43. Nxa6+ Rxa6 44. Rxd4 Ra1+ 45. Kf2 Ra2+ 46. Kf3 Kc8 47. Rd3 Kc7 48. g3 hxg3 49. Kxg3 Ra1 50. Kg4 Rg1+ 51. Kh4 Rg6 52. Kh5 Rh6+ 53. Kg4 Rg6+ 54. Kh4 Rh6+ 1/2-1/2

[Event "CYCC U14 w"]
[Site "Victoria CAN"]
[Date "2009.07.22"]
[Round "5"]
[White "Fang, Tina"]
[Black "Kalaydina, Regina Veronicka"]
[Result "0-1"]
[WhiteElo "1431"]
[BlackElo "1824"]
[PlyCount "94"]
[GameId "2160767910093863"]
[EventDate "2009.07.21"]
[EventType "swiss"]
[EventRounds "7"]
[EventCountry "CAN"]
[SourceTitle "EXT 2011"]
[Source "ChessBase"]
[SourceDate "2011.11.26"]
[SourceVersion "1"]
[SourceVersionDate "2011.11.26"]
[SourceQuality "1"]

1. d4 d5 2. c4 c6 3. Nc3 Nf6 4. e3 e6 5. Nf3 Bd6 6. Bd2 Nbd7 7. Rc1 O-O 8. Qc2 a6 9. cxd5 cxd5 10. Bd3 b5 11. e4 dxe4 12. Nxe4 Be7 13. Nc5 Nxc5 14. dxc5 Bxc5 15. Bxh7+ Nxh7 16. Qxc5 Bb7 17. Qe3 Nf6 18. Qe2 Qd5 19. a3 Rac8 20. O-O Qb3 21. Bc3 Nd5 22. Bd4 Ne7 23. Bc3 Nf5 24. Rfd1 Rfd8 25. h3 f6 26. Nd2 Qd5 27. Nf3 Qc6 28. Rxd8+ Rxd8 29. Rd1 Rxd1+ 30. Qxd1 Qd5 31. Qxd5 Bxd5 32. Nd4 Nd6 33. f3 e5 34. Nc2 Kf7 35. Kf2 Ke6 36. g4 e4 37. fxe4 Nxe4+ 38. Ke3 Nxc3 39. bxc3 g5 40. Kf2 Ke5 41. Ne3 Ke4 42. Ke2 Bc4+ 43. Kf2 Kd3 44. Kf3 a5 45. a4 bxa4 46. Nd1 Bb3 47. Nb2+ Kxc3 0-1

[Event "CYCC U14 w"]
[Site "Victoria CAN"]
[Date "2009.07.22"]
[Round "5"]
[White "Powell, Ashley"]
[Black "Botez, Alexandra"]
[Result "0-1"]
[WhiteElo "1300"]
[BlackElo "1883"]
[PlyCount "150"]
[GameId "2160767910093864"]
[EventDate "2009.07.21"]
[EventType "swiss"]
[EventRounds "7"]
[EventCountry "CAN"]
[SourceTitle "EXT 2011"]
[Source "ChessBase"]
[SourceDate "2011.11.26"]
[SourceVersion "1"]
[SourceVersionDate "2011.11.26"]
[SourceQuality "1"]

1. e4 c6 2. Nf3 d5 3. Nc3 dxe4 4. Nxe4 Bf5 5. Ng3 Bg6 6. h4 h6 7. h5 Bh7 8. d4 Nd7 9. Bd3 Bxd3 10. Qxd3 Ngf6 11. Be3 e6 12. O-O-O Qc7 13. Rhe1 Bd6 14. Ne4 Nxe4 15. Qxe4 Nf6 16. Qd3 Nxh5 17. g4 Nf4 18. Qd2 O-O-O 19. Kb1 g5 20. Qc3 Nd5 21. Qd2 Nxe3 22. Qxe3 Bf4 23. Qc3 Rd5 24. Ne5 Bxe5 25. dxe5 Rhd8 26. a3 Rxd1+ 27. Ka2 Rxe1 28. Qxe1 Qd7 29. Qa5 Qd5+ 30. Qxd5 Rxd5 31. c4 Rxe5 32. Kb3 Re2 33. f3 Re3+ 34. Ka2 Rxf3 35. c5 f5 36. gxf5 exf5 37. a4 h5 38. a5 g4 39. Kb1 g3 40. Ka2 h4 41. b4 g2 42. Kb2 g1=Q 43. Kc2 h3 44. Kb2 h2 45. Kc2 h1=Q 46. Kb2 Rb3+ 47. Kxb3 f4 48. Kc3 f3 49. Kb3 f2 50. Kc2 f1=B 51. b5 Bxb5 52. a6 Qf2+ 53. Kc3 Qc2+ 54. Kxc2 Bxa6 55. Kb2 Qb1+ 56. Kxb1 b6 57. cxb6 axb6 58. Kb2 Kd7 59. Kc2 Kd6 60. Kb2 Kd5 61. Kc2 Kd4 62. Kb2 c5 63. Kc2 c4 64. Kd2 c3+ 65. Kc2 Bd3+ 66. Kb3 c2 67. Kb4 c1=Q 68. Ka4 Bb5+ 69. Kxb5 Qc5+ 70. Ka4 Qa5+ 71. Kb3 Kd3 72. Kb2 Qc3+ 73. Kb1 Qd2 74. Ka1 Kc3 75. Kb1 Qb2# 0-1

[Event "CYCC U14 w"]
[Site "Victoria CAN"]
[Date "2009.07.22"]
[Round "5"]
[White "Schwab, Katerina"]
[Black "Ding, Jill"]
[Result "0-1"]
[WhiteElo "1128"]
[BlackElo "1173"]
[PlyCount "59"]
[GameId "2160767910093865"]
[EventDate "2009.07.21"]
[EventType "swiss"]
[EventRounds "7"]
[EventCountry "CAN"]
[SourceTitle "EXT 2011"]
[Source "ChessBase"]
[SourceDate "2011.11.26"]
[SourceVersion "1"]
[SourceVersionDate "2011.11.26"]
[SourceQuality "1"]

1. d4 Nf6 2. Nc3 d5 3. Bf4 e6 4. e3 c5 5. Nf3 Nc6 6. Bb5 cxd4 7. Nxd4 Qb6 8. a4 Bd7 9. Nxc6 bxc6 10. a5 Qb7 11. Bd3 Qxb2 12. Na4 Qb4+ 13. Qd2 Qxd2+ 14. Kxd2 Bb4+ 15. c3 Bxa5 16. Nc5 Bb6 17. Nb7 O-O 18. Na5 c5 19. c4 dxc4 20. Nxc4 Rfd8 21. Ke2 Bb5 22. Rhb1 Bxc4 23. Bxc4 Ne4 24. Kf3 Nd2+ 25. Kg3 Nxc4 26. Rc1 Nd2 27. Rd1 c4 28. e4 Nxe4+ 29. Kf3 Nxf2 30. Be3 0-1

[Event "CYCC U14 w"]
[Site "Victoria CAN"]
[Date "2009.07.23"]
[Round "5"]
[White "Hemmings, Sydney"]
[Black "Kudlak, Kathryn"]
[Result "1-0"]
[WhiteElo "981"]
[BlackElo "709"]
[PlyCount "31"]
[GameId "2160767910093866"]
[EventDate "2009.07.21"]
[EventType "swiss"]
[EventRounds "7"]
[EventCountry "CAN"]
[SourceTitle "hb 2009.10"]

1. Nf3 e5 2. Nxe5 d6 3. Nf3 Nf6 4. g3 Ng4 5. Bg2 d5 6. O-O Bc5 7. d4 Bb6 8. Nbd2 O-O 9. c4 c6 10. b3 c5 11. Bb2 Re8 12. Re1 Na6 13. Qc1 Nb8 14. Qc3 Nc6 15. dxc5 Bxc5 16. Qxg7# 1-0